000
00247 a2200109 4500
001
3051
090
_c
2336
_d
2336
100
_a
Brophy, J,J,
245
_a
Basic electronics for scientists, 5/e
250
_a
5
260
_a
NY
_b
Mc Graw hill
_c
1990
942
_a
NUST-CAE
_k
621.381BRO
999
_c
238124
_d
238124